00000000nam##2200000za#4500
0019.611184
003CaOODSP
00520220111083409
007ta
008150406|1994||||xxc|||||     f|0| 0 eng|d
020 |a0-662-22199-0
022 |a1713-0638
040 |aCaOODSP|beng
043 |an-cn---
0861 |aNE22-1/1994-3E
1101 |aCanada. |bNational Energy Board.
24510|aIn the matter of Trans Mountain Pipe Line Company Ltd. : |bapplication dated 30 September 1993 for new tolls effective 1 January 1993 and 1 January 1994
260 |aCalgary - Alberta : |bNational Energy Board |cMarch, 1994.
300 |avii, 61p. : |btables ; |c28 cm.
4901 |aReasons for decision|x1713-0638
563 |aSoftcover
69007|aPetroleum industry|2gcpds
77508|tRelativement à Trans Mountain Pipe Line Company : |w(CaOODSP)9.622671
7760#|tReasons for decision in the matter of Trans Mountain Pipe Line Company Ltd. : |w(CaOODSP)9.572455
830#0|aReasons for decision (Canada. National Energy Board)|x1713-0638|w(CaOODSP)9.514808
986 |aRH-3-93